Die Märchen /

Charles Perrault (1628-1703), importante personaje de la corte de Luis XIV, fue funcionario del rey, poeta, autor de odas y elogios, miembro de la Academia Francesa, es conocido sobre todo por sus Cuentos de tía Ansarona o Cuentos y relatos del tiempo pasado (1697), once cuentos de hadas (ocho en pr...

Descripción completa

Guardado en:
Detalles Bibliográficos
Autor principal: Perrault, Charles (autor)
Otros autores: Doré, Gustave (ilustración) (ilustración)
Formato: Libro
Idioma:Alemán
Publicado: Zúrich, Suiza : Artemis, 1985, c1985
Colección:(Artemis Bibliothek ; 22)
Temas:
Etiquetas: Agrega una etiqueta
Sin etiquetas, Sé el primero en etiquetar este registro!

MARC

LEADER 00000nam^a2200000^a^4500
001 000190717
005 20250521000000.0
009 20260310102459.774
020 |a 3-7608-0676-7 
025 |a Donación Lourdes Sierra, 1 ejemplar 
037 |a Acervo ITESO - Biblioteca 
041 |a ALE 
082 |a 808. 899282  |b PER 
100 |a Perrault, Charles  |e (autor) 
245 1 4 |a Die Märchen /  |c C. Perrault ; il. de G. Doré. 
264 4 |a Zúrich, Suiza :  |b Artemis,  |c 1985, c1985 
300 |a 170 p. 
336 |a texto  |b txt  |2 rdacontenido 
337 |a sin mediación  |b n  |2 rdamedio 
338 |a volumen  |b nc  |2 rdasoporte 
440 1 |a (Artemis Bibliothek ;  |v 22) 
520 |a Charles Perrault (1628-1703), importante personaje de la corte de Luis XIV, fue funcionario del rey, poeta, autor de odas y elogios, miembro de la Academia Francesa, es conocido sobre todo por sus Cuentos de tía Ansarona o Cuentos y relatos del tiempo pasado (1697), once cuentos de hadas (ocho en prosa y tres en verso) que incluyen algunos de más célebres ejemplos de la literatura infantil como "La bella durmiente del bosque", "El gato con botas", "Caperucita roja", "Cenicienta", etcétera. Perrault inició, con estos cuentos, el género literario de la fábula, que no tenía precedente en Francia; estilizó en ellos los relatos tradicionales de transmisión oral italianos, celtas y orientales, dándoles un estilo propio y peculiar, conciso y sencillo; temeroso de que fueran considerados triviales, incluyó a sus narraciones moralejas destinadas a la educación de los niños. 
649 |a XX 
650 |a Fábulas Francesas 
650 |a Cuentos Maravillosos -  |z Francia 
650 |a Cuentos Franceses 
650 |a Literatura Francesa -  |y Siglo XVII 
650 |a Literatura Infantil -  |z Francia 
700 |a Doré, Gustave  |e (ilustración) 
910 |a Fondo General 
920 |a Impresos - Libros 
930 |a Colección General 
940 |a Literatura 
905 |a 101 
901 |a 0500134006  |b IT1  |c LIT  |i D  |u 20250521 
902 |a https://opac.biblio.iteso.mx/vufind/Record/000190717